Estudio de factibilidad para el montaje de una fabrica de lija
Tallennettuna:
| Päätekijä: | |
|---|---|
| Aineistotyyppi: | Tuntematon |
| Julkaistu: |
[San José, Costa Rica]
1980
|
| Tagit: |
Lisää tagi
Ei tageja, Lisää ensimmäinen tagi!
|
MARC
| LEADER | 00000 a2200000 4500 | ||
|---|---|---|---|
| 003 | 001189 | ||
| 005 | 20221231143740.0 | ||
| 008 | 140114s1980 c a m 000 ||s d | ||
| 040 | |c cru CEDI | ||
| 090 | |a TFG 953 | ||
| 100 | |a Obando C, Carlos Alberto |9 15993 | ||
| 245 | |a Estudio de factibilidad para el montaje de una fabrica de lija | ||
| 260 | |c 1980 |a [San José, Costa Rica] | ||
| 300 | |a 85 hojas ;ilustraciones, 1 mapa | ||
| 500 | |a Proyecto de graduación( ingeniero químico)--Universidad de Costa Rica. Facultad de Ingeniería. | ||
| 942 | |c TFG | ||
| 999 | |c 11223 |d 11223 | ||
